MARC
LEADER
00000nam2a2200000 4500
001
378380
005
20231102013011.0
035
|a (RuTPU)RU\TPU\retro\35836
035
|a RU\TPU\retro\35822
090
|a 378380
100
|a 20230530d1963 k y0rusy50 ca
101
0
|a rus
102
|a RU
105
|a y z 001zy
200
0
|a Сб. 10
|f гл. ред. Н. Н. Щедрин
210
|d 1963
215
|a 164 с.
320
|a Библиогр. в конце статей
461
1
|0 (RuTPU)RU\TPU\retro\36300
|t Передача энергии постоянным и переменным током. Известия НИИ постоянного тока
|o [сборник статей]
|f Научно-исследовательский институт постоянного тока
|v Сб. 10
|d 1958-1970
606
1
|a Электрическая энергия
|x Передача на расстояние
|2 stltpush
|3 (RuTPU)RU\TPU\subj\26887
|9 50721
610
1
|a воздушные ЛЭП
610
1
|a перекрытие (изоляции)
610
1
|a графики
610
1
|a расчеты
610
1
|a грозоупорность
610
1
|a гирлянды
610
1
|a характеристики
610
1
|a коммутационные перенапряжения
610
1
|a силовые трансформаторы
610
1
|a холостой ход
610
1
|a ионизационные процессы
610
1
|a распространяющиеся волны
610
1
|a гидрогенераторы
610
1
|a регулирование возбуждения
610
1
|a установившиеся режимы
610
1
|a устойчивость
610
1
|a выпрямительные установки
610
1
|a электровозы
675
|a 621.315.1.05
|v 3
702
1
|a Щедрин
|b Н. Н.
|4 651
801
1
|a RU
|b 63413507
|c 20030925
|g PSBO
801
2
|a RU
|b 63413507
|c 20230616
|g PSBO
942
|c BK